Prueba de Sudáfrica - Estadísticas

Estadísticas generales
  • Esta prueba ha sido intentada 1.244 veces
  • La puntuación promedio es 15 de 28
Estadísticas de respuestas
Pista Respuesta % Correcto
Capitales Ciudad del Cabo
92%
Ex presidente (1994-1999) Nelson Mandela
88%
Capitales Pretoria
87%
La ciudad más grande Johannesburgo
85%
País Limítrofe Lesoto
83%
Los idiomas más hablados Inglés
82%
País Limítrofe Esuatini
81%
País Limítrofe Mozambique
80%
País Limítrofe Namibia
80%
País Limítrofe Botsuana
79%
País Limítrofe Zimbabue
77%
Período de segregación racial Apartheid
65%
Capitales Bloemfontein
56%
Los idiomas más hablados Afrikáans
55%
No es en realidad el punto más meridional Cabo de {Buena} {Esperanza}
49%
Los idiomas más hablados Zulu
47%
El desierto más grande Kalahari
45%
Los ruidos de la Copa Mundial de 2010 Vuvuzela
43%
Grupo de personas descendientes de colonos holandeses {Boer}s
35%
El río más largo Orange
23%
Moneda Rand
23%
Apodo del equipo de rugby (Pista: antílope) {Springbok}s
23%
El obispo ganador del Premio Nobel Desmond Tutu
21%
Los idiomas más hablados Josa
21%
El partido político gobernante Congreso Nacional Africano
15%
La prisión de la isla donde vivió la respuesta anterior Isla Robben
15%
Ex presidente (2009-2018) Jacob Zuma
15%
La compañía que alguna vez controló más del 90% del comercio de diamantes en todo el mundo De Beers
11%
No se encontraron pruebas coincidentes
Distribución de puntuación
Porcentaje de gente con cada puntuación
Porcentaje por número respondido
Historial de tus puntuaciones
No has intentado esta prueba.